000 00749nam a2200241Ia 4500
003 OSt
005 20220923211034.0
006 a|||||r|||| 00| 0
007 ta
008 Pun
020 _a8171433227 (hbk)
_c200
024 _a241,277
037 _b165, 24/10/2009, H.K. Prakashan
_cTextual
040 _aARTS
_cARTS
_bPun
041 _2Pun
_aPun
082 _aO153,2:g, P2
100 _aਹਰਭਜਨ ਸਿੰਘ
_9156324
245 0 _aਪੰਜਾਬੀ ਇਤਿਹਾਸਕ ਨਾਟਕ
260 _aਅੰਮ੍ਰਿਤਸਰ
_b ਰਵੀ ਸਾਹਿਤ
_c2002
300 _a216ਪੰ
_ccm.
942 _hO153,2:g, P2
_cTEXL
_2CC
999 _c294322
_d294322